Honey from rubber plantation: A study of its potential (Record no. 60482)

MARC details
000 -LEADER
fixed length control field 00336nam a2200133Ia 4500
100 ## - MAIN ENTRY--AUTHOR NAME
Personal name Haridasan V
245 #0 - TITLE STATEMENT
Title Honey from rubber plantation: A study of its potential
260 ## - PUBLICATION, DISTRIBUTION, ETC. (IMPRINT)
Name of publisher Planter
Year of publication 1988
300 ## - PHYSICAL DESCRIPTION
Number of Pages 409-414
700 ## - ADDED ENTRY--PERSONAL NAME
Personal name Jayarathnam K
700 ## - ADDED ENTRY--PERSONAL NAME
Personal name Nehru C R
942 ## - ADDED ENTRY ELEMENTS (KOHA)
Koha item type Journals
Holdings
Withdrawn status Lost status Damaged status Not for loan Home library Current library Date acquired Serial Enumeration / chronology Koha item type
      Journals RRII Library RRII Library 17/12/2021 Volume 64, Issue 750 Journals